000 00421nam a22001697a 4500
005 20160613100518.0
008 160613b xxu||||| |||| 00| 0 eng d
020 _a81-239-1027-4
041 _aeng
082 _b7090
100 _aSay M.G.
_91752
245 _aThe peformance and design of Alternations cumment machines
260 _bCBS Publication
_c1983
300 _a664
650 _aManagement
_9241
942 _cBK
999 _c2465
_d2464